[Event "Mistrzostwa Wielkopolski Juniorow i Mlodzikow Grupa C13"]
[Site "Sypniewo"]
[Date "2018.06.19"]
[Round "7.1"]
[White "Mozdzanowski, Filip"]
[Black "Katny, Samuel"]
[Result "0-1"]
[BlackElo "1288"]
[WhiteElo "1426"]
[LiveChessVersion "1.4.8"]

1. Nf3 {[%clk 1:30:19]} Nc6 {[%clk 1:30:40]} 2. g3 {[%clk 1:30:40]} e5
{[%clk 1:30:50]} 3. d3 {[%clk 1:31:04]} Nf6 {[%clk 1:30:53]} 4. Bg2
{[%clk 1:31:24]} d5 {[%clk 1:30:53]} 5. O-O {[%clk 1:31:45]} Bc5 {[%clk 1:31:05]}
6. Nbd2 {[%clk 1:29:56]} O-O {[%clk 1:29:34]} 7. e4 {[%clk 1:29:50]} dxe4
{[%clk 1:28:57]} 8. dxe4 {[%clk 1:30:13]} Bg4 {[%clk 1:29:04]} 9. h3
{[%clk 1:30:13]} Bh5 {[%clk 1:29:21]} 10. c3 {[%clk 1:30:25]} Bb6
{[%clk 1:22:19]} 11. Qe2 {[%clk 1:25:21]} Qd7 {[%clk 1:19:27]} 12. b4
{[%clk 1:21:02]} a6 {[%clk 1:19:06]} 13. Nc4 {[%clk 1:10:34]} Rfd8
{[%clk 1:17:21]} 14. g4 {[%clk 1:09:21]} Bg6 {[%clk 1:10:09]} 15. Nfxe5
{[%clk 1:06:14]} Nxe5 {[%clk 1:09:45]} 16. Nxe5 {[%clk 1:06:37]} Qe6
{[%clk 1:08:27]} 17. Nxg6 {[%clk 1:06:29]} hxg6 {[%clk 1:08:54]} 18. Be3
{[%clk 0:54:29]} Re8 {[%clk 1:02:50]} 19. Bxb6 {[%clk 0:52:41]} Qxb6
{[%clk 1:02:24]} 20. Rfe1 {[%clk 0:51:58]} Re6 {[%clk 1:01:40]} 21. Qe3
{[%clk 0:50:28]} Qb5 {[%clk 0:59:08]} 22. f3 {[%clk 0:44:17]} Rae8
{[%clk 0:58:01]} 23. a4 {[%clk 0:41:04]} Qc6 {[%clk 0:55:51]} 24. Qd2
{[%clk 0:38:19]} Rd6 {[%clk 0:55:12]} 25. Qe3 {[%clk 0:30:28]} Rde6
{[%clk 0:51:16]} 26. Qc5 Qxc5+ {[%clk 0:49:15]} 27. bxc5 {[%clk 0:16:42]} Nd7
{[%clk 0:49:28]} 28. Red1 {[%clk 0:15:39]} Nxc5 {[%clk 0:49:32]} 29. Rd5
{[%clk 0:15:52]} Rc6 {[%clk 0:49:15]} 30. Bf1 {[%clk 0:13:14]} Ne6
{[%clk 0:49:03]} 31. Rb1 {[%clk 0:12:13]} Rb8 {[%clk 0:48:09]} 32. a5
{[%clk 0:09:33]} Nc5 {[%clk 0:39:43]} 33. Rb4 {[%clk 0:04:43]} Kf8
{[%clk 0:33:40]} 34. Bc4 {[%clk 0:04:05]} f6 {[%clk 0:32:29]} 35. e5
{[%clk 0:01:46]} Re8 {[%clk 0:30:36]} 36. exf6 {[%clk 0:01:22]} gxf6
{[%clk 0:30:55]} 37. Bd3 {[%clk 0:01:17]} g5 {[%clk 0:28:36]} 38. Bg6
{[%clk 0:01:12]} Re1+ {[%clk 0:26:49]} 39. Kf2 {[%clk 0:01:38]} Ra1
{[%clk 0:26:55]} 40. Rf5 {[%clk 0:01:24]} Nd3+ {[%clk 0:26:55]} 41. Kg3
{[%clk 0:01:45]} Nxb4 {[%clk 0:27:06]} 42. cxb4 {[%clk 0:02:09]} Rb1
{[%clk 0:26:34]} 43. h4 {[%clk 0:02:23]} gxh4+ {[%clk 0:26:06]} 44. Kxh4
{[%clk 0:02:51]} Rxb4 {[%clk 0:25:59]} 45. Rh5 {[%clk 0:01:36]} Kg7
{[%clk 0:25:40]} 46. Bf5 {[%clk 0:00:58]} Rb5 {[%clk 0:24:53]} 47. Rh7+
{[%clk 0:01:10]} Kg8 {[%clk 0:25:09]} 48. Bg6 {[%clk 0:00:52]} Rxa5
{[%clk 0:22:52]} 49. Kg3 {[%clk 0:00:34]} Rg5 {[%clk 0:23:02]} 50. Be4
{[%clk 0:00:54]} a5 {[%clk 0:20:40]} 51. Rd7 {[%clk 0:00:55]} Rb6
{[%clk 0:17:45]} 52. Rxc7 {[%clk 0:00:59]} a4 {[%clk 0:17:38]} 53. Bxb7
{[%clk 0:01:08]} a3 {[%clk 0:17:46]} 54. Bc8 {[%clk 0:00:40]} Ra5
{[%clk 0:17:17]} 55. Bf5 0-1

[Event "Mistrzostwa Wielkopolski Juniorow i Mlodzikow Grupa C13"]
[Site "Sypniewo"]
[Date "2018.06.19"]
[Round "7.2"]
[White "Rosinski, Filip"]
[Black "Szafranski, Maciej"]
[Result "0-1"]
[BlackElo "1512"]
[WhiteElo "1343"]
[LiveChessVersion "1.4.8"]

1. e4 {[%clk 1:30:55]} c5 {[%clk 1:30:32]} 2. Nf3 {[%clk 1:31:18]} d6
{[%clk 1:30:56]} 3. d4 {[%clk 1:31:42]} cxd4 {[%clk 1:31:21]} 4. Nxd4
{[%clk 1:32:05]} Nf6 {[%clk 1:31:46]} 5. Nc3 {[%clk 1:32:23]} a6 {[%clk 1:32:05]}
6. Bg5 {[%clk 1:32:39]} e5 {[%clk 1:31:17]} 7. Nb3 {[%clk 1:32:46]} Be7
{[%clk 1:31:24]} 8. Qd2 {[%clk 1:32:13]} Be6 {[%clk 1:31:41]} 9. O-O-O
{[%clk 1:31:50]} Nbd7 {[%clk 1:32:00]} 10. f3 {[%clk 1:31:10]} Qc7
{[%clk 1:30:30]} 11. g4 {[%clk 1:30:45]} b5 {[%clk 1:30:06]} 12. Bxf6
{[%clk 1:29:53]} Nxf6 {[%clk 1:28:33]} 13. g5 {[%clk 1:29:50]} Nd7
{[%clk 1:28:06]} 14. h4 {[%clk 1:29:52]} b4 {[%clk 1:28:05]} 15. Nd5
{[%clk 1:29:50]} Bxd5 {[%clk 1:28:06]} 16. Qxd5 {[%clk 1:29:42]} O-O
{[%clk 1:23:42]} 17. Rg1 {[%clk 1:29:01]} a5 {[%clk 1:22:59]} 18. h5
{[%clk 1:27:24]} a4 {[%clk 1:22:14]} 19. Na1 {[%clk 1:26:24]} Qb6
{[%clk 1:19:01]} 20. Bc4 {[%clk 1:25:45]} Qe3+ {[%clk 1:18:25]} 21. Kb1
{[%clk 1:25:11]} Nb6 {[%clk 1:18:05]} 22. Qb7 {[%clk 1:24:19]} Nxc4
{[%clk 1:18:20]} 23. Qxe7 {[%clk 1:24:28]} Nd2+ {[%clk 1:18:48]} 24. Rxd2
{[%clk 1:24:32]} Qxg1+ {[%clk 1:19:13]} 25. Rd1 {[%clk 1:25:00]} Qxd1#
{[%clk 1:19:36]} 0-1

[Event "Mistrzostwa Wielkopolski Juniorow i Mlodzikow Grupa C13"]
[Site "Sypniewo"]
[Date "2018.06.19"]
[Round "7.3"]
[White "Nowicki, Bartosz"]
[Black "Rosenfeld, Noe"]
[Result "0-1"]
[BlackElo "1271"]
[WhiteElo "1023"]
[LiveChessVersion "1.4.8"]

1. e4 {[%clk 1:30:57]} c5 {[%clk 1:30:54]} 2. Nf3 {[%clk 1:31:23]} d6
{[%clk 1:31:19]} 3. d4 {[%clk 1:31:34]} cxd4 {[%clk 1:31:46]} 4. Nxd4
{[%clk 1:31:55]} Nf6 {[%clk 1:32:13]} 5. Nc3 {[%clk 1:32:18]} a6 {[%clk 1:32:37]}
6. f3 {[%clk 1:32:42]} e5 {[%clk 1:32:50]} 7. Nb3 {[%clk 1:33:01]} h5
{[%clk 1:32:51]} 8. Be3 {[%clk 1:32:39]} Be6 {[%clk 1:33:14]} 9. Be2
{[%clk 1:31:52]} Be7 {[%clk 1:33:23]} 10. Qd2 {[%clk 1:31:20]} Qc7
{[%clk 1:33:13]} 11. O-O {[%clk 1:30:32]} Nbd7 {[%clk 1:32:42]} 12. Rad1
{[%clk 1:19:50]} Rc8 {[%clk 1:32:29]} 13. a3 {[%clk 1:19:00]} b5 {[%clk 1:31:52]}
14. Bd3 {[%clk 1:15:43]} O-O {[%clk 1:30:14]} 15. Rc1 {[%clk 1:10:11]} Rfd8
{[%clk 1:30:25]} 16. Rfd1 {[%clk 1:09:31]} Nc5 {[%clk 1:29:42]} 17. Nxc5
{[%clk 1:08:10]} dxc5 {[%clk 1:29:51]} 18. Qf2 {[%clk 1:08:08]} Qc6
{[%clk 1:23:24]} 19. Bf1 {[%clk 1:02:35]} Rxd1 {[%clk 1:23:07]} 20. Rxd1
{[%clk 1:02:16]} b4 21. Nb1 {[%clk 0:59:48]} a5 {[%clk 1:16:31]} 22. c4
{[%clk 0:52:54]} bxc3 {[%clk 1:15:12]} 23. Nxc3 {[%clk 0:52:04]} Rb8
{[%clk 1:01:26]} 24. Rb1 {[%clk 0:45:05]} c4 {[%clk 1:00:27]} 25. Qg3
{[%clk 0:43:17]} Bc5 {[%clk 0:56:38]} 26. Bxc5 {[%clk 0:41:40]} Qxc5+
{[%clk 0:54:57]} 27. Qf2 {[%clk 0:41:16]} Qc7 {[%clk 0:53:38]} 28. g3
{[%clk 0:37:51]} Rb3 {[%clk 0:52:03]} 29. Kg2 {[%clk 0:35:53]} Qb7
{[%clk 0:50:41]} 30. Qd2 {[%clk 0:34:16]} Kh7 {[%clk 0:44:29]} 31. Be2
{[%clk 0:32:38]} Qc8 {[%clk 0:42:50]} 32. Kg1 {[%clk 0:31:32]} Qc5+
{[%clk 0:39:49]} 33. Kg2 {[%clk 0:31:18]} Qd4 {[%clk 0:38:40]} 34. Qe1
{[%clk 0:30:14]} Nd7 {[%clk 0:33:58]} 35. Qd1 {[%clk 0:29:12]} Nc5
{[%clk 0:32:37]} 36. Qe1 {[%clk 0:28:33]} f5 {[%clk 0:29:20]} 37. Bf1
{[%clk 0:27:33]} Rb7 {[%clk 0:24:27]} 38. Qd1 {[%clk 0:25:33]} Qxd1
{[%clk 0:23:12]} 39. Rxd1 {[%clk 0:24:55]} Rxb2+ {[%clk 0:23:16]} 40. Kg1
{[%clk 0:25:15]} fxe4 {[%clk 0:21:48]} 41. fxe4 {[%clk 0:25:05]} Rb3
{[%clk 0:21:28]} 42. Nb1 c3 43. Rc1 c2 0-1

[Event "Mistrzostwa Wielkopolski Juniorow i Mlodzikow Grupa C13"]
[Site "Sypniewo"]
[Date "2018.06.19"]
[Round "8.1"]
[White "Rosenfeld, Noe"]
[Black "Katny, Samuel"]
[Result "1/2-1/2"]
[BlackElo "1288"]
[WhiteElo "1271"]
[LiveChessVersion "1.4.8"]

1. e4 {[%clk 1:30:58]} e5 {[%clk 1:30:59]} 2. Nf3 {[%clk 1:31:24]} Nc6
{[%clk 1:31:18]} 3. Bb5 {[%clk 1:31:48]} Bc5 {[%clk 1:31:34]} 4. O-O
{[%clk 1:32:08]} Nge7 {[%clk 1:31:49]} 5. Nxe5 {[%clk 1:30:37]} Nxe5
{[%clk 1:32:00]} 6. d4 {[%clk 1:31:00]} Bd6 {[%clk 1:25:39]} 7. dxe5
{[%clk 1:31:01]} Bxe5 {[%clk 1:26:05]} 8. f4 {[%clk 1:30:58]} Bd6
{[%clk 1:25:54]} 9. Be3 {[%clk 1:30:32]} c6 {[%clk 1:26:02]} 10. Bc4
{[%clk 1:30:11]} Bc7 {[%clk 1:24:11]} 11. Nc3 {[%clk 1:28:43]} O-O
{[%clk 1:24:16]} 12. Qf3 {[%clk 1:24:28]} Ng6 {[%clk 1:23:43]} 13. Rad1
{[%clk 1:16:29]} Bb6 {[%clk 1:21:41]} 14. Kh1 {[%clk 1:13:46]} Bxe3
{[%clk 1:21:14]} 15. Qxe3 {[%clk 1:13:46]} Kh8 {[%clk 1:21:30]} 16. e5
{[%clk 1:08:57]} Qe8 {[%clk 1:19:30]} 17. Rfe1 {[%clk 1:08:21]} f6
{[%clk 1:14:54]} 18. exf6 {[%clk 1:02:55]} Qxe3 {[%clk 1:13:26]} 19. Rxe3
{[%clk 1:02:40]} d5 {[%clk 1:12:04]} 20. fxg7+ {[%clk 0:58:39]} Kxg7
{[%clk 1:12:14]} 21. Be2 {[%clk 0:56:13]} Nxf4 {[%clk 1:11:05]} 22. Rg3+
{[%clk 0:55:36]} Kh8 {[%clk 1:09:23]} 23. Rf1 {[%clk 0:52:17]} Ng6
{[%clk 1:09:11]} 24. Rxf8+ {[%clk 0:50:10]} Nxf8 {[%clk 1:09:33]} 25. h3
{[%clk 0:48:47]} Ng6 {[%clk 1:09:42]} 26. Bd3 {[%clk 0:44:42]} Ne5
{[%clk 1:09:21]} 27. Ne2 {[%clk 0:43:07]} Nxd3 28. Rxd3 Bf5 {[%clk 1:07:35]} 29.
Rd2 {[%clk 0:43:27]} Re8 {[%clk 1:05:38]} 30. g4 {[%clk 0:42:32]} Be4+
{[%clk 1:05:04]} 31. Kh2 {[%clk 0:42:57]} Kg7 {[%clk 1:03:32]} 32. Ng3
{[%clk 0:41:19]} Bg6 {[%clk 1:03:02]} 33. c3 {[%clk 0:39:12]} Re6
{[%clk 1:00:00]} 34. h4 {[%clk 0:37:31]} Be4 {[%clk 0:58:34]} 35. Re2
{[%clk 0:36:43]} Kf6 {[%clk 0:57:36]} 36. Kh3 {[%clk 0:34:50]} Ke5
{[%clk 0:52:24]} 37. g5 {[%clk 0:32:06]} Kf4 38. Nxe4 1/2-1/2

[Event "Mistrzostwa Wielkopolski Juniorow i Mlodzikow Grupa C13"]
[Site "Sypniewo"]
[Date "2018.06.19"]
[Round "8.2"]
[White "Szafranski, Maciej"]
[Black "Mozdzanowski, Filip"]
[Result "0-1"]
[BlackElo "1426"]
[WhiteElo "1512"]
[LiveChessVersion "1.4.8"]

1. e4 {[%clk 1:30:57]} d6 {[%clk 1:30:57]} 2. d4 {[%clk 1:31:05]} Nf6
{[%clk 1:31:24]} 3. Nc3 {[%clk 1:30:49]} g6 {[%clk 1:31:51]} 4. h3
{[%clk 1:31:08]} Bg7 {[%clk 1:32:08]} 5. Nf3 {[%clk 1:30:50]} O-O
{[%clk 1:32:16]} 6. Bd3 {[%clk 1:30:42]} Nbd7 {[%clk 1:32:14]} 7. Be3
{[%clk 1:30:33]} e5 {[%clk 1:32:01]} 8. Qd2 {[%clk 1:28:15]} c6 {[%clk 1:31:13]}
9. O-O-O {[%clk 1:23:11]} b5 {[%clk 1:28:07]} 10. g4 {[%clk 1:23:24]} Qa5
{[%clk 1:26:23]} 11. Kb1 {[%clk 1:23:21]} Qc7 {[%clk 1:20:06]} 12. Rdg1
{[%clk 1:22:31]} a5 {[%clk 1:19:22]} 13. h4 {[%clk 1:21:26]} h5 {[%clk 1:19:13]}
14. gxh5 {[%clk 1:21:40]} Nxh5 {[%clk 1:19:38]} 15. dxe5 {[%clk 1:21:11]} dxe5
{[%clk 1:19:47]} 16. Bh6 {[%clk 1:20:24]} a4 {[%clk 1:07:51]} 17. Bxg7
{[%clk 1:20:32]} Kxg7 {[%clk 1:08:16]} 18. Qg5 {[%clk 1:20:35]} Kh7
{[%clk 1:06:19]} 19. Qe7 {[%clk 1:19:54]} Qd8 {[%clk 1:03:45]} 20. Ng5+
{[%clk 1:18:23]} Kg8 {[%clk 1:03:40]} 21. Qd6 {[%clk 1:17:52]} Qf6
{[%clk 1:02:05]} 22. Qxf6 {[%clk 1:16:09]} Ndxf6 {[%clk 1:02:01]} 23. Nf3
{[%clk 1:15:41]} Re8 {[%clk 1:00:48]} 24. Nh2 {[%clk 1:12:51]} Bd7
{[%clk 0:50:40]} 25. Ne2 {[%clk 1:10:55]} Kf8 {[%clk 0:49:04]} 26. f3
{[%clk 1:11:12]} Rad8 {[%clk 0:37:50]} 27. Ng4 {[%clk 1:09:32]} c5
{[%clk 0:32:43]} 28. b3 {[%clk 1:09:12]} Rc8 {[%clk 0:31:48]} 29. c4
{[%clk 1:09:15]} b4 {[%clk 0:31:24]} 30. Kc2 {[%clk 1:09:26]} Ra8
{[%clk 0:31:21]} 31. Nxf6 {[%clk 1:09:04]} Nxf6 {[%clk 0:27:54]} 32. Ra1
{[%clk 1:09:21]} Ra7 {[%clk 0:26:06]} 33. Kb2 {[%clk 1:09:14]} Rea8
{[%clk 0:24:42]} 34. Rhg1 {[%clk 1:09:10]} axb3 {[%clk 0:24:27]} 35. axb3
{[%clk 1:09:29]} Rxa1 {[%clk 0:24:20]} 36. Rxa1 {[%clk 1:09:54]} Rxa1
{[%clk 0:24:29]} 37. Kxa1 {[%clk 1:10:04]} Kg7 {[%clk 0:24:39]} 38. Ng3
{[%clk 1:09:51]} Kh6 {[%clk 0:24:31]} 39. Kb2 {[%clk 1:09:44]} Nh5
{[%clk 0:24:40]} 40. Nxh5 Kxh5 {[%clk 0:25:03]} 41. Kc2 {[%clk 1:09:46]} Kxh4
{[%clk 0:25:12]} 42. Kd2 {[%clk 1:10:12]} Kg3 {[%clk 0:25:25]} 43. Ke3
{[%clk 1:10:36]} g5 {[%clk 0:25:13]} 44. Bc2 {[%clk 1:10:42]} g4 {[%clk 0:24:07]}
45. fxg4 {[%clk 1:11:01]} Kxg4 {[%clk 0:24:07]} 46. Bd1+ {[%clk 1:10:52]} Kg5
{[%clk 0:24:14]} 47. Bf3 {[%clk 1:10:52]} Bg4 {[%clk 0:24:03]} 48. Kf2
{[%clk 1:10:36]} Bxf3 {[%clk 0:24:05]} 49. Kxf3 {[%clk 1:10:57]} f5
{[%clk 0:24:23]} 50. exf5 {[%clk 1:11:13]} Kxf5 0-1

[Event "Mistrzostwa Wielkopolski Juniorow i Mlodzikow Grupa C13"]
[Site "Sypniewo"]
[Date "2018.06.19"]
[Round "8.3"]
[White "Jedraszek, Pawel"]
[Black "Rosinski, Filip"]
[Result "1-0"]
[BlackElo "1343"]
[WhiteElo "1506"]
[LiveChessVersion "1.4.8"]

1. e4 {[%clk 1:30:57]} c5 {[%clk 1:30:57]} 2. Nf3 {[%clk 1:31:15]} d6
{[%clk 1:31:20]} 3. d4 {[%clk 1:31:36]} cxd4 {[%clk 1:31:39]} 4. Nxd4
{[%clk 1:31:59]} Nf6 {[%clk 1:32:02]} 5. Nc3 {[%clk 1:32:17]} a6 {[%clk 1:32:09]}
6. Bg5 {[%clk 1:32:20]} e6 {[%clk 1:32:18]} 7. f4 {[%clk 1:32:35]} Be7
{[%clk 1:32:32]} 8. Qf3 {[%clk 1:32:09]} Nbd7 {[%clk 1:32:38]} 9. O-O-O
{[%clk 1:32:02]} Qc7 {[%clk 1:32:38]} 10. g4 {[%clk 1:31:35]} b5 {[%clk 1:32:32]}
11. Bxf6 {[%clk 1:31:01]} Nxf6 {[%clk 1:32:41]} 12. g5 {[%clk 1:30:52]} Nd7
{[%clk 1:32:33]} 13. f5 {[%clk 1:29:22]} Bxg5+ {[%clk 1:30:15]} 14. Kb1
{[%clk 1:29:34]} e5 {[%clk 1:27:37]} 15. Nd5 {[%clk 1:24:40]} Qb7
{[%clk 1:23:48]} 16. Qh5 {[%clk 1:18:01]} exd4 {[%clk 1:21:20]} 17. Qxg5
{[%clk 1:18:23]} Nb6 {[%clk 1:18:45]} 18. Qxg7 {[%clk 1:16:40]} Rf8
{[%clk 1:18:40]} 19. Nf6+ {[%clk 1:15:01]} Ke7 {[%clk 1:18:42]} 20. Nxh7
{[%clk 1:14:03]} Re8 {[%clk 1:17:21]} 21. Ng5 {[%clk 1:11:42]} Rf8
{[%clk 1:16:08]} 22. f6+ {[%clk 1:11:54]} Ke8 {[%clk 1:16:13]} 23. Nh7
{[%clk 1:11:59]} Nd7 {[%clk 1:16:10]} 24. Bh3 {[%clk 1:11:35]} Nxf6
{[%clk 1:15:59]} 25. Qxf8# {[%clk 1:11:54]} Ng8 1-0

[Event "Mistrzostwa Wielkopolski Juniorow i Mlodzikow Grupa C13"]
[Site "Sypniewo"]
[Date "2018.06.20"]
[Round "9.1"]
[White "Katny, Samuel"]
[Black "Stachecki, Mikolaj"]
[Result "0-1"]
[BlackElo "1456"]
[WhiteElo "1288"]
[LiveChessVersion "1.4.8"]

1. e4 {[%clk 1:30:58]} c5 {[%clk 1:30:57]} 2. Nf3 {[%clk 1:31:07]} e6
{[%clk 1:31:23]} 3. d4 {[%clk 1:28:11]} cxd4 {[%clk 1:31:48]} 4. Nxd4
{[%clk 1:28:34]} a6 {[%clk 1:32:11]} 5. Nf3 {[%clk 1:28:35]} Qc7 {[%clk 1:30:18]}
6. a3 {[%clk 1:28:12]} Nc6 {[%clk 1:30:39]} 7. Nc3 {[%clk 1:27:21]} b5
{[%clk 1:30:44]} 8. Bd3 {[%clk 1:25:41]} Bb7 {[%clk 1:30:52]} 9. O-O
{[%clk 1:24:45]} Bc5 {[%clk 1:29:16]} 10. b4 {[%clk 1:11:35]} Be7
{[%clk 1:28:35]} 11. Be3 {[%clk 1:09:28]} Bf6 {[%clk 1:28:07]} 12. Qd2
{[%clk 1:09:29]} Nxb4 {[%clk 1:27:25]} 13. e5 {[%clk 0:50:09]} Nxd3
{[%clk 1:09:28]} 14. exf6 {[%clk 0:49:47]} Nxf6 {[%clk 1:09:48]} 15. Qxd3
{[%clk 0:49:45]} Ng4 {[%clk 1:08:43]} 16. Ne4 {[%clk 0:44:13]} Bd5
{[%clk 1:03:38]} 17. Qc3 {[%clk 0:34:56]} Qxc3 {[%clk 1:02:16]} 18. Nxc3
{[%clk 0:34:49]} Bxf3 {[%clk 1:02:03]} 19. gxf3 {[%clk 0:35:12]} Nxe3
{[%clk 1:02:25]} 20. fxe3 {[%clk 0:35:37]} Rc8 {[%clk 1:02:49]} 21. Ne4
{[%clk 0:34:11]} Rxc2 {[%clk 1:01:23]} 22. Rac1 {[%clk 0:33:18]} Rxc1
{[%clk 1:01:50]} 23. Rxc1 Ke7 {[%clk 1:01:38]} 24. Kf2 {[%clk 0:32:12]} f5
{[%clk 0:56:29]} 25. Nd2 {[%clk 0:31:21]} g5 {[%clk 0:47:00]} 26. Rc7
{[%clk 0:30:45]} Ra8 {[%clk 0:46:11]} 27. Rc1 {[%clk 0:26:34]} h6
{[%clk 0:31:31]} 28. Nb3 {[%clk 0:24:20]} Rg8 {[%clk 0:20:01]} 29. Rc7
{[%clk 0:24:17]} Ra8 {[%clk 0:20:26]} 30. Ke2 {[%clk 0:23:07]} Kd6
{[%clk 0:18:44]} 31. Rc5 {[%clk 0:22:49]} Re8 {[%clk 0:13:42]} 32. Rc1
{[%clk 0:22:29]} Ke7 {[%clk 0:13:41]} 33. Rd1 {[%clk 0:22:30]} Rc8
{[%clk 0:13:36]} 34. Kd3 {[%clk 0:22:19]} Rc6 {[%clk 0:10:33]} 35. Rc1
{[%clk 0:19:40]} Rxc1 {[%clk 0:05:28]} 36. Nxc1 {[%clk 0:20:08]} d5
{[%clk 0:05:14]} 37. Kd4 {[%clk 0:20:07]} Kd6 {[%clk 0:05:34]} 38. Nd3
{[%clk 0:20:14]} h5 {[%clk 0:05:20]} 39. f4 {[%clk 0:18:59]} g4 {[%clk 0:05:14]}
40. Kc3 {[%clk 0:17:07]} h4 {[%clk 0:04:39]} 41. Kd2 {[%clk 0:15:33]} a5
{[%clk 0:04:41]} 42. Ke2 {[%clk 0:12:50]} Kc6 {[%clk 0:03:03]} 43. Kf2
{[%clk 0:12:02]} Kd6 {[%clk 0:02:53]} 44. Ke2 {[%clk 0:11:29]} d4
{[%clk 0:02:03]} 45. exd4 {[%clk 0:10:41]} Kd5 {[%clk 0:02:29]} 46. Ke3
{[%clk 0:10:27]} g3 {[%clk 0:02:46]} 47. hxg3 {[%clk 0:08:42]} hxg3
{[%clk 0:03:14]} 48. Ne5 {[%clk 0:03:12]} g2 {[%clk 0:03:10]} 49. Nf3
{[%clk 0:02:36]} Kc4 {[%clk 0:03:09]} 50. Kf2 {[%clk 0:02:10]} b4
{[%clk 0:02:24]} 51. axb4 {[%clk 0:02:19]} axb4 {[%clk 0:02:47]} 52. Kxg2
{[%clk 0:01:29]} Kd3 {[%clk 0:01:38]} 53. Ng5 {[%clk 0:01:02]} b3
{[%clk 0:01:29]} 54. Nxe6 {[%clk 0:01:30]} b2 {[%clk 0:01:43]} 55. Kg3
{[%clk 0:01:17]} b1=Q {[%clk 0:02:05]} 56. Kh4 {[%clk 0:01:34]} Qe1+
{[%clk 0:01:58]} 57. Kg5 {[%clk 0:01:33]} Qxe6 {[%clk 0:02:17]} 58. Kh5
{[%clk 0:01:44]} Kxd4 {[%clk 0:02:14]} 59. Kg5 {[%clk 0:02:13]} Ke4
{[%clk 0:02:26]} 60. Kh4 {[%clk 0:02:34]} Qg6 {[%clk 0:02:33]} 61. Kh3
{[%clk 0:03:02]} Kf3 {[%clk 0:02:43]} 62. Kh2 {[%clk 0:03:21]} Qg2# 0-1

[Event "Mistrzostwa Wielkopolski Juniorow i Mlodzikow Grupa C13"]
[Site "Sypniewo"]
[Date "2018.06.20"]
[Round "9.2"]
[White "Mozdzanowski, Filip"]
[Black "Jedraszek, Pawel"]
[Result "0-1"]
[BlackElo "1506"]
[WhiteElo "1426"]
[LiveChessVersion "1.4.8"]

1. Nf3 {[%clk 1:30:56]} d5 {[%clk 1:30:41]} 2. g3 {[%clk 1:31:23]} c5
{[%clk 1:30:50]} 3. Bg2 {[%clk 1:31:44]} Nc6 {[%clk 1:30:50]} 4. d3
{[%clk 1:32:09]} g6 {[%clk 1:30:27]} 5. O-O {[%clk 1:32:28]} Bg7 {[%clk 1:30:34]}
6. Nbd2 {[%clk 1:32:47]} Nf6 {[%clk 1:30:07]} 7. e4 {[%clk 1:32:54]} O-O
{[%clk 1:29:23]} 8. c3 {[%clk 1:28:54]} e5 {[%clk 1:28:58]} 9. Qc2
{[%clk 1:28:43]} h6 {[%clk 1:27:47]} 10. h3 {[%clk 1:28:36]} Re8 {[%clk 1:25:32]}
11. Re1 {[%clk 1:14:09]} b6 {[%clk 1:22:56]} 12. Nf1 {[%clk 1:05:41]} Bb7
{[%clk 1:19:55]} 13. Ne3 {[%clk 0:59:56]} Qd7 {[%clk 1:14:41]} 14. Nxd5
{[%clk 0:57:04]} Nxd5 {[%clk 1:15:02]} 15. exd5 {[%clk 0:57:20]} Qxd5
{[%clk 1:15:06]} 16. Nxe5 {[%clk 0:56:55]} Qxg2+ {[%clk 1:15:11]} 17. Kxg2
{[%clk 0:55:12]} Nd4+ {[%clk 1:15:33]} 0-1

[Event "Mistrzostwa Wielkopolski Juniorow i Mlodzikow Grupa C13"]
[Site "Sypniewo"]
[Date "2018.06.20"]
[Round "9.3"]
[White "Ullrich, Karol"]
[Black "Rosenfeld, Noe"]
[Result "1/2-1/2"]
[BlackElo "1271"]
[WhiteElo "1296"]
[LiveChessVersion "1.4.8"]

1. e4 {[%clk 1:30:59]} c5 {[%clk 1:30:58]} 2. Nf3 {[%clk 1:31:21]} d6
{[%clk 1:31:23]} 3. d4 {[%clk 1:31:46]} cxd4 {[%clk 1:31:49]} 4. Nxd4
{[%clk 1:32:09]} Nf6 {[%clk 1:32:17]} 5. Nc3 {[%clk 1:32:28]} a6 {[%clk 1:32:19]}
6. Bc4 {[%clk 1:32:41]} e6 {[%clk 1:31:44]} 7. Bb3 {[%clk 1:32:51]} b5
{[%clk 1:30:35]} 8. a3 {[%clk 1:32:58]} Be7 {[%clk 1:28:32]} 9. f3
{[%clk 1:28:17]} h5 {[%clk 1:28:19]} 10. Be3 {[%clk 1:27:18]} Qc7
{[%clk 1:21:51]} 11. Qd2 {[%clk 1:26:27]} Nc6 {[%clk 1:20:45]} 12. O-O-O
{[%clk 1:17:49]} Na5 {[%clk 1:15:47]} 13. Ba2 {[%clk 1:14:19]} Nc4
{[%clk 1:13:12]} 14. Bxc4 {[%clk 1:12:43]} bxc4 {[%clk 1:13:24]} 15. Na2
{[%clk 1:10:52]} Bd7 {[%clk 1:11:10]} 16. h3 {[%clk 1:06:06]} h4 {[%clk 1:11:09]}
17. Bg5 {[%clk 1:05:31]} Rb8 {[%clk 1:09:13]} 18. Rhe1 {[%clk 0:49:17]} Qb7
{[%clk 1:02:30]} 19. b4 {[%clk 0:42:57]} cxb3 {[%clk 1:01:48]} 20. Nxb3
{[%clk 0:42:58]} O-O {[%clk 0:41:47]} 21. e5 {[%clk 0:36:58]} dxe5
{[%clk 0:41:42]} 22. Bxf6 {[%clk 0:36:47]} Bxa3+ {[%clk 0:40:23]} 23. Kb1
{[%clk 0:36:14]} Rfc8 {[%clk 0:37:58]} 24. Bxe5 {[%clk 0:32:02]} Rxc2
{[%clk 0:33:43]} 25. Qxc2 {[%clk 0:31:39]} Ba4 {[%clk 0:32:55]} 26. Rd3
{[%clk 0:24:39]} Bxb3 {[%clk 0:32:18]} 27. Rxb3 {[%clk 0:24:58]} Qxb3+
{[%clk 0:32:41]} 28. Qxb3 {[%clk 0:25:21]} Rxb3+ {[%clk 0:32:46]} 29. Kc2
{[%clk 0:25:44]} Rb5 {[%clk 0:32:29]} 30. Nc3 {[%clk 0:25:22]} Rb2+
{[%clk 0:32:40]} 31. Kd3 {[%clk 0:22:00]} Bb4 32. Rb1 {[%clk 0:20:48]} Bxc3
{[%clk 0:30:28]} 33. Rxb2 {[%clk 0:19:51]} Bxe5 {[%clk 0:30:54]} 34. Ra2
{[%clk 0:19:40]} f5 {[%clk 0:30:28]} 35. Rxa6 {[%clk 0:19:07]} Kf7
{[%clk 0:30:53]} 36. Ke3 {[%clk 0:17:10]} Kf6 {[%clk 0:29:11]} 37. f4
{[%clk 0:17:02]} Bc7 {[%clk 0:27:26]} 38. Rc6 {[%clk 0:15:50]} Bb8
{[%clk 0:27:29]} 39. Rc8 {[%clk 0:16:02]} Ba7+ {[%clk 0:26:50]} 40. Kf3
{[%clk 0:16:25]} g6 {[%clk 0:24:00]} 41. Rh8 {[%clk 0:15:05]} Kg7
{[%clk 0:24:11]} 42. Rxh4 {[%clk 0:11:35]} Bc5 {[%clk 0:23:37]} 43. g4
{[%clk 0:10:42]} Be7 {[%clk 0:23:39]} 44. g5 {[%clk 0:10:06]} Bb4
{[%clk 0:23:47]} 45. Rh6 {[%clk 0:09:28]} Bc3 {[%clk 0:21:29]} 46. h4
{[%clk 0:09:39]} e5 {[%clk 0:21:25]} 47. fxe5 {[%clk 0:10:07]} Bxe5
{[%clk 0:21:45]} 48. h5 {[%clk 0:10:19]} gxh5 49. Rxh5 {[%clk 0:10:38]} Kg6
{[%clk 0:22:20]} 1/2-1/2